00573nam a2200169Ia 4500008004100000100002100041245009000062245002100152260005900173260000900232300001100241650001800252650001500270856002600285999001900311952007300330170221s9999 xx 000 0 und d aGaye Asli SANCAR aPolitical Public Relations 2.0 and the use of Twitter of Political Leaders in Turkey  cGaye Asli SANCAR bOnline Journal of Communication and Media Technologies c2013 a33 : 7 xCommunication xMedia Arts uhttp://www.ojcmt.net/ c311065d311065 001040aCLbCLd2017-02-21l0r2017-02-21 00:00:00w2017-02-21yFOJ